| 000 | 01697cam a2200337 i 4500 | ||
|---|---|---|---|
| 999 |
_c200441537 _d59749 |
||
| 001 | 200441537 | ||
| 003 | TR-AnTOB | ||
| 005 | 20240824073709.0 | ||
| 007 | ta | ||
| 008 | 700217m19629999fr a 100 0 engm | ||
| 010 | _a77203050 | ||
| 035 | _a(TR-AnTOB)200441537 | ||
| 040 |
_aDLC _beng _erda _cDLC _dm.c. _dEEM _dUtOrBLW _dTR-AnTOB |
||
| 041 | 0 | _aeng | |
| 050 | 0 | 4 |
_aLB41 _b.P65 1961 |
| 090 |
_aLB41 _b.P65 1961 |
||
| 111 | 2 |
_aPolicy Conference on Economic Growth and Investment in Education _d(1961 : _cWashington, D.C.) _9131011 |
|
| 245 | 1 | 0 | _aPolicy Conference on Economic Growth and Investment in Education, Washington, 16th-20th October 1961. |
| 264 | 1 |
_a[Paris] : _bOrganization for Economic Co-operation and Development, _c[1962-] |
|
| 300 |
_a5 volumes in 1 : _billustrations ; _c24 cm |
||
| 336 |
_atext _btxt _2rdacontent |
||
| 337 |
_aunmediated _bn _2rdamedia |
||
| 338 |
_avolume _bnc _2rdacarrier |
||
| 505 | 1 | _a1. Summary report and conclusions. Keynote speeches.--2. Targets for education in Europe in 1970; paper by I. Svennilson in association with F. Edding and L. Elvin.--3. The challenge of aid to newly developing countries; papers by W. A. Lewis, F. H. Harbison, J. Tinbergen in association with H. C. Bos and J. Vaizey.--4. The planning of education in relation to economic growth; papers by R. Poignant, S. Moberg, and M. Elazar. | |
| 650 | 0 |
_aEducation _xEconomic aspects _vCongresses _0http://id.loc.gov/authorities/subjects/sh2008118779 _9130983 |
|
| 710 | 2 |
_aOrganisation for Economic Co-operation and Development _0http://id.loc.gov/authorities/names/n79045354 _933753 |
|
| 942 |
_2lcc _cBK |
||